Normal view MARC view
  • Temes, Lloyd

Entry Personal Name

Number of records used in: 1

001 - CONTROL NUMBER

  • control field: 103352

003 - CONTROL NUMBER IDENTIFIER

  • control field: NUST

005 - DATE AND TIME OF LATEST TRANSACTION

  • control field: 20221122131914.0

008 - FIXED-LENGTH DATA ELEMENTS

  • fixed length control field: 221122|| aca||aabn | a|a d

040 ## - CATALOGING SOURCE

  • Original cataloging agency: NUST
  • Transcribing agency: NUST

100 ## - HEADING--PERSONAL NAME

  • Personal name: Temes, Lloyd

670 ## - SOURCE DATA FOUND

  • Source citation: Work cat.: (NUST)190568: Temes, Lloyd., Schaum's outline of theory and problems of electronic communication /, c1979.
© 2023 Central Library, National University of Sciences and Technology. All Rights Reserved.